000
00277nam a2200109Ia 4500
008
220204s9999 xx 000 0 und d
082
_a
065.01
_b
STE
100
_a
Rosemary
245
0
_a
Reality of organizations: A guide for managers
260
_a
London
_b
Pan
_c
1970
942
_c
BK
999
_c
25051
_d
25051